[Event "NED-ch U13 Girls"]
[Site "Rijswijk"]
[Date "2011.06.04"]
[Round "8"]
[White "Lomans, Karen"]
[Black "Ter Welle, Karien"]
[Result "1-0"]
[WhiteElo "808"]
[BlackElo "735"]
[PlyCount "45"]
[EventDate "2011.06.02"]
[EventType "swiss"]
[EventRounds "9"]
[EventCountry "NED"]
[SourceTitle "EXT 2012"]
[Source "ChessBase"]
[SourceDate "2011.11.24"]
[SourceVersion "1"]
[SourceVersionDate "2011.11.24"]
[SourceQuality "1"]

1. e4 e5 2. Nf3 Nc6 3. Bc4 Nf6 4. Ng5 d5 5. exd5 Nxd5 6. Bxd5 Qxd5 7. 0-0 Be7 8. d3 f6 9. Nf3 0-0 10. Nc3 Qd7 11. h3 b6 12. Nh4 Bb7 13. Qf3 Rab8 14. Qg3 g6 15. Bh6 Rfe8 16. Nxg6 Bd6 17. Nf8+ Kh8 18. Nxd7 Re7 19. Nxb8 e4 20. Qg4 Nxb8 21. Qf5 exd3 22. Qxf6+ Kg8 23. Qf8# 1-0

[Event "NED-ch U13 Girls"]
[Site "Rijswijk"]
[Date "2011.06.03"]
[Round "6"]
[White "Lomans, Karen"]
[Black "Tjeerdsma, Sarah"]
[Result "0-1"]
[WhiteElo "808"]
[BlackElo "970"]
[PlyCount "86"]
[EventDate "2011.06.02"]
[EventType "swiss"]
[EventRounds "9"]
[EventCountry "NED"]
[SourceTitle "EXT 2012"]
[Source "ChessBase"]
[SourceDate "2011.11.24"]
[SourceVersion "1"]
[SourceVersionDate "2011.11.24"]
[SourceQuality "1"]

1. e4 e5 2. Nf3 Nc6 3. Bc4 Nf6 4. Nc3 Bc5 5. Ng5 0-0 6. d3 d6 7. Bxf7+ Rxf7 8. Nxf7 Kxf7 9. Qf3 Nd4 10. Qd1 Be6 11. 0-0 Qd7 12. Nd5 Bxd5 13. exd5 Nxd5 14. Qh5+ Kg8 15. Qg5 Rf8 16. h3 Ne2+ 17. Kh2 Nxc1 18. Raxc1 Rxf2 19. Rxf2 Bxf2 20. Rf1 Be3 21. Qg3 Bf4 22. Rxf4 Nxf4 23. Qg4 Qxg4 24. hxg4 Kf7 25. Kg3 Ke6 26. b4 c5 27. bxc5 dxc5 28. c4 Nxd3 29. a4 Nb2 30. g5 Kf5 31. Kh4 g6 32. g4+ Kf4 33. a5 Nxc4 34. a6 bxa6 35. Kh3 a5 36. Kg2 a4 37. Kf1 a3 38. Ke1 a2 39. Kd1 a1Q+ 40. Kc2 Qa3 41. Kd1 Qb2 42. Ke1 Kf3 43. Kd1 Qd2# 0-1